El diseño de la nueva universidad europea: algunas causas, algunas consecuencias
Guardat en:
| Autors principals: | , |
|---|---|
| Format: | Llibre |
| Idioma: | espanyol |
| Publicat: |
Madrid
Fundación de Investigaciones Marxistas
2007
Madrid Atrapasueños 2007 |
| Matèries: | |
| Etiquetes: |
Afegir etiqueta
Sense etiquetes, Sigues el primer a etiquetar aquest registre!
|
MARC
| LEADER | 00000nam a2200000 a 4500 | ||
|---|---|---|---|
| 001 | UCH4908 | ||
| 003 | CL-VaPUC | ||
| 008 | 090910e20070000sp |||||||||||||||||spa|d | ||
| 020 | |a 9788461148349 | ||
| 082 | 0 | 4 | |a 378.46 |b MAN |2 21 |
| 100 | |a Manzano Arrondo, Vicente |e autor |9 540884 | ||
| 700 | 0 | |a Zambrana, Luis Andrés |e author |9 540885 | |
| 245 | 1 | 3 | |a El diseño de la nueva universidad europea: algunas causas, algunas consecuencias |
| 300 | |a 86 p | ||
| 942 | |c BK | ||
| 945 | |d 20090910 00:00:00 |a dcastane | ||
| 260 | |a Madrid |b Fundación de Investigaciones Marxistas |c 2007 | ||
| 260 | |a Madrid |b Atrapasueños |c 2007 | ||
| 650 | 0 | |a Universidades |9 256317 | |
| 650 | 0 | |a Educación superior |9 223851 | |
| 650 | 0 | |a Cultura |9 269059 | |
| 650 | 7 | |a REFORMA DE LA EDUCACION |2 CL-VaPUC |9 333471 | |
| 650 | 7 | |a DESARROLLO DE LA EDUCACION |2 CL-VaPUC |9 540886 | |
| 651 | 0 | |a Europa |9 255156 | |
| 651 | 0 | |a España |9 254926 | |
| 583 | |a last modification |c 20171220 04:44:26 |k Rodrigo Vera | ||
| 999 | |c 336139 |d 336137 | ||
| 952 | |0 0 |1 0 |4 0 |6 378_460000000000000_MAN_2007_2007 |7 0 |8 X |9 427111 |a FDOBUD |b FDOBUD |d 2019-11-22 |i 4598512 |o 378.46 MAN 2007 2007 |p 4598512 |r 2019-11-22 |w 2019-11-22 |y BK_X |k BUD | ||